| Поле | Инд. | ПП | Название | Значение |
|---|---|---|---|---|
| Тип записи | a | |||
| Библиографический уровень | m | |||
| 001 | Контрольный номер | RU/LIBMSTU/260536373 | ||
| 005 | Дата корректировки | 20170311141128.9 | ||
| 020 | 00 | a | ISBN | 5-8401-0108-7 |
| c | Цена, тираж | 67-02 | ||
| 084 | a | Индекс другой классификации/Индекс ББК | 67.71 | |
| 090 | x | Авторский знак | С 89 | |
| a | Полочн. индекс | 67.71 | ||
| 245 | 00 | a | Заглавие | Судебная практика по гражданским делам |
| c | Ответственность | сост. Г. А. Стрельников | ||
| 260 | 00 | a | Место издания | Москва |
| b | Издательство | Юриспруденция | ||
| c | Дата издания | 2001 | ||
| 300 | 00 | a | Объем | 432 с. |
| 650 | _4 | a | Основная рубрика | Гражданские дела-Судебная практика |
| 653 | 00 | a | Ключевые слова | Гражданский кодекс |
| a | Ключевые слова | Избирательное право | ||
| a | Ключевые слова | Конституция Российской Федерации | ||
| a | Ключевые слова | Наследование | ||
| a | Ключевые слова | Обжалование | ||
| a | Ключевые слова | Приватизация | ||
| a | Ключевые слова | Суд | ||
| a | Ключевые слова | Судебные решения | ||
| a | Ключевые слова | Трудовые споры | ||
| 990 | 00 | f | Даты поступлений (DOS) | 04.02 |